| 000 | 01194cam a22003497a 4500 | ||
|---|---|---|---|
| 003 | CHAP | ||
| 005 | 20220329142049.0 | ||
| 008 | 990520d1999 mx r 00110 spa d | ||
| 010 | _a77863 | ||
| 011 | _a78835 | ||
| 035 | _a88936 | ||
| 040 | _cCHAP | ||
| 090 | _aTesis | ||
| 100 | 0 | 0 |
_aDurán Fernández, Alejandro. _934676 |
| 245 | 1 | 0 |
_aEstructura y etnobotánica de la selva alta perennifolia de Nahá, Chiapas _c/ por Alejandro Durán Fernández |
| 260 |
_aMéxico, D.F. : _bEl autor, _c1999. |
||
| 300 | _a130 h. | ||
| 502 | _aTesis (M.C. Esp. en Biología Vegetal) -- UNAM. Facultad de Ciencias. División de Estudios de Posgrado | ||
| 590 |
_aALEPH _b10 _c20130110 _lUCH01 _h1429 |
||
| 590 |
_aBATCH-UPD _b10 _c20130110 _lUCH01 _h0756 |
||
| 590 |
_aBATCH-UPD _b10 _c20130410 _lUCH01 _h0435 |
||
| 590 |
_aBATCH-UPD _b10 _c20130914 _lUCH01 _h0737 |
||
| 590 |
_aCONVERSION _b10 _c20130109 _lUCH01 _h1343 |
||
| 650 | 1 | 4 |
_aBotánica _zChiapas. _914639 |
| 650 | 1 | 4 |
_aEtnobotánica _xChiapas. _938616 |
| 650 | 1 | 4 |
_aRoza. _9100413 |
| 650 | 1 | 4 |
_aSelva Lacandona. _9103818 |
| 901 | _aBK | ||
| 905 | _aBlanca M. García Ocampo | ||
| 942 | _cTESIS | ||
| 949 |
_bBC _cTES _d889361 _eTS1 _h33965 _i88936 _sb |
||
| 999 |
_c77863 _d77863 |
||